Respuestas de la sociedad civil al problema del trabajo: un tema obligado en la vinvulación educación y trabajo /
Tallennettuna:
| Päätekijä: | |
|---|---|
| Aineistotyyppi: | Teksti |
| Tagit: |
Lisää tagi
Ei tageja, Lisää ensimmäinen tagi!
|
MARC
| LEADER | 00000 a a2200000 04500 | ||
|---|---|---|---|
| 001 | 47708 | ||
| 003 | |||
| 040 | |||
| 090 | |a REV1737 1(1) 1993 | ||
| 100 | |a Piña Williams, César | ||
| 245 | |a Respuestas de la sociedad civil al problema del trabajo: |b un tema obligado en la vinvulación educación y trabajo / |c César Piña Williams | ||
| 500 | |a Colección Alforja | ||
| 773 | |g volumen1, número1, (1993), página 33 | ||
| 999 | |c 33610 |d 33610 | ||
